Half life / (Record no. 142434)

MARC details
000 -LEADER
fixed length control field 00479nam a22001817a 4500
005 - DATE AND TIME OF LATEST TRANSACTION
control field 20170711150816.0
010 ## - LCCN (DPL NO)
LC control number ENG-119151
020 ## - INTERNATIONAL STANDARD BOOK NUMBER
International Standard Book Number 9789382536765
Terms of availability 180.00
035 ## - SYSTEM CONTROL NUMBER
System control number EN-102683
037 ## - SOURCE OF ACQUISITION
Source of stock number/acquisition DBAD/PUB
082 ## - DEWEY DECIMAL CLASSIFICATION NUMBER
Classification number S
100 ## - MAIN ENTRY--PERSONAL NAME
Personal name Nitu
245 ## - TITLE STATEMENT
Title Half life /
Statement of responsibility, etc by nitu
260 ## - PUBLICATION, DISTRIBUTION, ETC. (IMPRINT)
Place of publication, distribution, etc New Delhi
Name of publisher, distributor, etc Lifi Prakashans
Date of publication, distribution, etc 2017
270 ## - ADDRESS
Address 211, 2nd Floor, Gagandeep 12, Rajendra Place
City New Delhi
Postal code 110008
300 ## - PHYSICAL DESCRIPTION
Extent xii,124p.
Dimensions 20cm(pbk)
942 ## - ADDED ENTRY ELEMENTS (KOHA)
Source of classification or shelving scheme Dewey Decimal Classification
Item type English Books
Classification part S
Call number suffix NIT
Holdings
Withdrawn status Lost status Not for loan Collection code Home library Current library Date acquired Source of acquisition Cost, normal purchase price Full call number Barcode Copy number Cost, replacement price Koha item type
    Not For Loan Fiction D.B.Act.Division Bawana 11/07/2017 DBAD/PUB 180.00 S NIT EN-102683 1 180.00 English Books

© Delhi Public Library
Hit Counter
free hit counter